000 00276nam a2200109Ia 4500
001 589078
005 20250717120842.0
008 250717s9999 xx 000 0 und d
245 0 _aX-2 HOKUS POKUS DİPLODOKUS
_cSTEVE HOWSON
260 _bİNDİGO YAYINLARI
_c2018
300 _b18
999 _c589078
_d589078